000 00600nam a22002177a 4500
001 00028801
005 20260416150357.0
008 260416b ag ||||| |||| 00| 0 spa d
020 _a9502309170
040 _aAR-CcCEOS
_bspa
_cAR-CcCEOS
041 _aspa
080 _a159.9.072
090 _bWAI
100 _aMartín Wainstein
_9770
245 _aComunicación : un paradigma de la mente /
_cMartín Wainstein
250 _a1ª ed.
264 _aBuenos Aires :
_bEUDEBA,
_cc1999.
300 _a165 p. ;
_c24x15 cm.
655 0 _apsicología
_vpsiconoanalisis
_9124
942 _2udc
_cBK
_n0
999 _c28837
_d28837